| 000 | 00416nam a2200145 a 4500 | ||
|---|---|---|---|
| 001 | 4950 | ||
| 003 | CDMR | ||
| 005 | 20151016130001.0 | ||
| 008 | 130130s1992||||||||||||||||||||||||||||d | ||
| 040 |
_aCDMR _bcat _cCPC LLEIDA |
||
| 110 |
_91020 _aUniversitat de Lleida |
||
| 245 | 0 | _aJornades de la secció filològica de l'Institut d'Estudis Catalans a Lleida | |
| 260 |
_aBarcelona _c1992 _bIEC, IEI, UdL |
||
| 942 |
_cMON _2ddc |
||
| 999 |
_c4950 _d4950 |
||